[Event "RUS-ch Rapid Men 2018"]
[Site "Sochi"]
[Date "2018.10.05"]
[Round "4"]
[White "Gordievsky, Dmitry"]
[Black "Derjabin, Ilja"]
[Result "1-0"]
[WhiteElo "2615"]
[BlackElo "2345"]
[Annotator "TA"]
[PlyCount "89"]
[EventDate "2018.10.05"]
[EventType "swiss"]
[EventCountry "RUS"]
[SourceTitle "playchess.com"]
[Source "ChessBase"]
[SourceQuality "1"]

{[%evp 17,89,36,43,0,0,0,0,0,30,12,33,33,38,31,39,28,29,29,25,3,24,20,20,7,29,16,31,27,39,29,88,46,79,39,62,4,1,0,23,0,6,0,0,0,0,0,0,0,0,0,0,-7,0,0,41,0,450,446,971,367,355,362,355,201,340,349,333,333,492,487,783,504,465,438]} 1. Nf3 c5 2. c4 Nf6 3. Nc3 g6 4. e4 d6 5. d4 cxd4 6. Nxd4 Bg7 7. Be2 Nc6 8. Be3 O-O 9. f3 Nh5 {[%cal Bf6h5,Bh5f4,Bf4e2][%mdl 32] LiveBook: 3 Games. B38: Sicilian: Maroczy Bind with 5...Bg7 and 7...0-0} (9... Nxd4 10. Bxd4 Be6 11. O-O Qa5 12. Rc1 Rfc8 13. b3 a6 14. f4 b5 15. f5 Bd7 16. Bxf6 Bxf6 17. Nd5 Bg5 18. Rc3 e6 19. Rg3 Bh4 20. Rg4 {1-0 (30) Efimenko,Z (2651)-Korobov,A (2692) Rivne 2016}) 10. Nc2 f5 11. exf5 Bxf5 {The position is equal.} 12. O-O Rc8 $146 ({Predecessor:} 12... Bxc2 13. Qxc2 Bd4 14. Bxd4 Nxd4 15. Qd2 e5 16. Bd3 Rc8 17. b3 {1-0 (53) Lupulescu,C (2565)-Zueger,B (2415) Dresden 2007}) 13. Nd4 {Nxc6 is the strong threat.} Bd7 14. Qd2 Nf4 15. Nxc6 Nxe2+ 16. Nxe2 bxc6 17. Rad1 a5 18. Bd4 Bxd4+ 19. Qxd4 c5 20. Qd5+ Kg7 21. Nc3 Rf5 22. Qd2 Bc6 23. Rfe1 Qf8 (23... a4 $11 {keeps the balance.}) 24. Re6 Rc7 25. Rde1 a4 26. Nd1 ({Better is} 26. Nb5 $14 Rd7 27. Qe2) 26... Rf6 $11 27. Qc3 Kg8 28. R6e2 e5 29. Nf2 Rf4 30. Ne4 Bxe4 31. Rxe4 Rb7 32. Qd2 Rb6 33. R1e2 Rxe4 34. Rxe4 {[%mdl 4096] Endgame KQR-KQR} Qb8 35. Re2 Qb7 36. h4 Rb4 $2 {[%mdl 8192]} (36... Qe7 $11 {and Black is okay.}) 37. Qxd6 $18 Rxb2 (37... Qf7 $142 38. Rxe5 Rb7 39. Rxc5 Qd7) 38. Rxe5 $2 (38. Qe6+ Qf7 39. Qxf7+ Kxf7 40. Rxb2) 38... Rb1+ 39. Kh2 {[#] White wants to mate with Re8+.} Qb8 40. Qe6+ $40 {[%mdl 128] Black is in trouble.} (40. Qxc5 $142 Re1 41. Qd5+ Kf8 42. f4 Rxe5 43. Qxe5) 40... Kg7 (40... Kh8 $142 41. Qe7 Rd1 42. Qxc5 Re1) 41. Qe7+ Kg8 42. Qxc5 Rf1 (42... Qd8 $142 43. Kg3 Rd1) 43. Qd5+ {White is clearly winning.} Kh8 (43... Kf8 $142 44. c5 Rd1) 44. c5 Rd1 45. Qe4 {Precision: White = 45%, Black = 43%.} ({Less strong is} 45. Qxd1 Qxe5+ 46. Kh1 Qxc5 $18) 1-0

[Event "RUS-ch Rapid Men 2018"]
[Site "Sochi"]
[Date "2018.10.05"]
[Round "4"]
[White "Esipenko, Andrey"]
[Black "Smagin, Sergey"]
[Result "1-0"]
[WhiteElo "2609"]
[BlackElo "2551"]
[Annotator "TA"]
[PlyCount "171"]
[EventDate "2018.10.05"]
[EventType "swiss"]
[EventCountry "RUS"]
[SourceTitle "playchess.com"]
[Source "ChessBase"]
[SourceQuality "1"]

{[%evp 13,171,4,35,20,34,0,0,0,0,0,0,0,2,0,27,-3,-7,-23,-27,-27,-27,-30,-28,-28,-15,-26,-14,-15,-10,-16,0,-17,-15,-15,-12,-27,-22,-21,-22,-29,-23,-71,-71,-76,-76,-114,-87,-87,-17,-87,-85,-82,-18,-25,-25,-47,-48,-30,0,0,0,0,0,0,0,0,0,0,0,0,0,0,0,0,0,0,0,0,0,0,0,0,0,0,0,0,0,0,0,0,0,0,0,0,0,0,0,0,0,0,0,0,0,0,0,0,244,244,232,204,204,195,165,116,129,113,144,113,121,70,697,32,190,22,32,24,31,0,361,195,194,198,575,554,499,480,12837,12837,12835,12835,12838,12838,12837,12838,12845,12845,12845,12843,12846,12846,12847,12847,12848,12848,12849,12849,29993,12847,12848,12848]} 1. d4 d5 2. Bf4 c6 3. e3 Bf5 4. Nf3 e6 5. c4 Nd7 6. Nc3 Ngf6 7. Be2 Be7 {LiveBook: 3 Games. D02: 1 d4 d5 2 Nf3 sidelines, including 2...Nf6 3 g3 and 2...Nf6 3 Bf4} 8. O-O (8. h3 h6 9. O-O O-O 10. a3 a6 11. Rc1 Ne4 12. Qb3 Qb6 13. Qa2 Rac8 14. Rfd1 Rfd8 15. b4 dxc4 16. Nxe4 Bxe4 17. Nd2 Bd3 18. Nxc4 Bxc4 19. Rxc4 {1-0 (59) Laznicka,V (2647)-Short,N (2678) Riadh 2017}) 8... Ne4 9. Qb3 Qb6 {The position is equal.} 10. Nxe4 Qxb3 $146 ({Predecessor:} 10... Bxe4 11. Rfc1 f6 12. Qxb6 axb6 13. Nd2 Bf5 14. cxd5 exd5 {0-1 (55) Ortiz Martinez,J-Jaikin,A Euskadi 1996}) 11. axb3 Bxe4 12. Nd2 Bg6 13. Rfc1 O-O 14. Bd1 Rfe8 15. Bc2 Bxc2 16. Rxc2 g5 17. Bg3 h5 18. h3 f5 19. Nf3 Kf7 20. Ne1 Nf8 21. Nd3 Ng6 22. b4 dxc4 23. Rxc4 a6 24. Bh2 Rad8 25. Kf1 Rd5 26. Ke2 Red8 27. g4 hxg4 ({Don't play} 27... fxg4 28. hxg4 h4 29. f3 $11) 28. hxg4 {[#]} f4 $1 {[%mdl 512]} 29. b3 {[%cal Re3f4]} (29. exf4 gxf4) 29... e5 30. f3 exd4 (30... Bf6 $17 {...Rh8 is the strong threat.} 31. Ra5 R5d6) 31. e4 (31. exf4 $11 {remains equal.} Rh8 32. Bg1) 31... Rb5 32. Bg1 Ne5 (32... Rh8 $17) 33. Nxe5+ $1 $11 Rxe5 34. Bxd4 Re6 35. Rh1 Kg6 {And now ...b5 would win.} (35... b5 $5 {[%cal Rb5c4]} 36. Rh7+ Ke8 37. Rh8+ Kd7 38. Rxd8+ Kxd8 39. Bb6+ Ke8 $15) 36. Bb6 Rd7 {White must now prevent ...Red6.} 37. Bc5 Bf6 38. Rc2 Re8 39. Rd2 Rxd2+ 40. Kxd2 {[%mdl 4096] Endgame KRB-KRB} Rd8+ 41. Kc2 Rd7 42. Bb6 Be5 43. Bf2 Rd8 44. Be1 Bd4 45. Bc3 Be3 46. e5 Bb6 47. Bb2 Bc7 48. Bc3 Bb6 49. Rh2 Bc7 50. e6 Re8 51. Re2 Bd6 52. Kd3 b5 53. Kd4 Re7 54. Kd3 Re8 55. Re4 Re7 56. Re1 Re8 57. Bd2 Re7 58. Rc1 Rc7 59. Bc3 Re7 $2 (59... Rc8 $11) 60. Bd4 $18 Rxe6 61. Rxc6 Kf7 62. Rxa6 Bxb4 63. Ra7+ Re7 64. Ra8 $1 Rd7 {Strongly threatening ...Bc5.} 65. Ke4 Be7 66. Ra5 (66. Ra6 $16) 66... b4 $2 {[%mdl 8192]} (66... Rb7 $14) 67. Rb5 $2 ({Only move:} 67. Ra7 $18 Rxa7 68. Bxa7) 67... Ke6 $2 {[#]} (67... Rc7 $14) 68. Be5 $2 ({White has to play} 68. Bc5 $1 $18) 68... Ra7 69. Rb6+ Kd7 70. Bf6 Bc5 $2 {[%mdl 8192]} (70... Bxf6 $11 {and Black stays safe.} 71. Rxf6 Ra3) 71. Rb8 (71. Rb5 $142 Bd6 72. Rxg5 (72. Bxg5 Kc6 $18)) 71... Ra3 72. Bxg5 Bd6 $2 (72... Rxb3 73. Bxf4 Ke6) 73. Rh8 Rxb3 74. Bxf4 Bxf4 (74... Be7 $142 75. g5 Rb2) 75. Kxf4 {KR-KR} Rc3 {[#]} 76. g5 $1 {[%cal Rg5g6]} Rc4+ 77. Kf5 Rc5+ 78. Kg4 Rb5 79. g6 {White wants to mate with g7.} Rb6 80. Kg5 Rb5+ 81. Kf4 b3 82. g7 b2 83. g8=Q {Qc8+ would kill now.} Rf5+ 84. Kg3 {Threatening mate with Qc8+.} b1=Q 85. Rh7+ (85. Qc8+ $142 Ke7 86. Qd8+ Ke6 87. Re8+ Kf7 88. Qe7+ Kg6 89. Rg8+ Kh6 90. Qg7+ Kh5 91. Rh8#) 85... Kd6 86. Qd8+ {Precision: White = 58%, Black = 50%.} 1-0

[Event "RUS-ch Rapid Men 2018"]
[Site "Sochi"]
[Date "2018.10.05"]
[Round "4"]
[White "Kryakvin, Dmitry"]
[Black "Linker, Mikhail"]
[Result "1/2-1/2"]
[WhiteElo "2595"]
[BlackElo "2269"]
[Annotator "ChessBase"]
[PlyCount "58"]
[EventDate "2018.10.05"]
[EventType "swiss"]
[EventCountry "RUS"]
[SourceTitle "playchess.com"]
[Source "ChessBase"]
[SourceQuality "1"]
[TimeControl "900+10"]

1. d4 {[%emt 0:00:00]} Nf6 {[%emt 0:00:20]} 2. Bg5 {[%emt 0:00:01]} Ne4 {[%emt 0:00:02]} 3. Bf4 {[%emt 0:00:01]} d5 {[%emt 0:00:07]} 4. e3 {[%emt 0:00:02]} c6 {[%emt 0:00:33]} 5. Nd2 {[%emt 0:00:13]} Qa5 {[%emt 0:00:32]} 6. Bd3 {[%emt 0:00:20]} Bf5 {[%emt 0:01:02]} 7. Ngf3 {[%emt 0:00:16]} e6 {[%emt 0:00:37]} 8. O-O {[%emt 0:00:53]} Nxd2 {[%emt 0:01:34]} 9. Nxd2 {[%emt 0:00:04]} Bxd3 {[%emt 0:00:14]} 10. cxd3 {[%emt 0:00:02]} Nd7 {[%emt 0:00:03]} 11. a3 {[%emt 0:00:04]} Be7 {[%emt 0:00:07]} 12. b4 {[%emt 0:00:04]} Qb6 {[%emt 0:00:09]} 13. Nb3 {[%emt 0:00:03]} O-O {[%emt 0:00:09]} 14. Qc2 {[%emt 0:00:17]} Rfe8 {[%emt 0:00:41]} 15. Rfb1 {[%emt 0:00:34]} Bf6 {[%emt 0:03:06]} 16. Nc5 {[%emt 0:01:54]} Rad8 {[%emt 0:02:47]} 17. Qc3 {[%emt 0:00:59]} e5 {[%emt 0:03:09]} 18. Nxd7 {[%emt 0:00:09]} Rxd7 {[%emt 0:00:08]} 19. dxe5 {[%emt 0:00:22]} d4 {[%emt 0:00:01]} 20. exd4 {[%emt 0:03:11]} Rxd4 {[%emt 0:00:01]} 21. Be3 {[%emt 0:00:21]} Bxe5 {[%emt 0:00:02]} 22. Re1 {[%emt 0:00:54]} Rdd8 {[%emt 0:01:01]} 23. Qxe5 {[%emt 0:02:59]} Rxe5 {[%emt 0:00:02]} 24. Bxb6 {[%emt 0:00:01]} Rxe1+ {[%emt 0:00:01]} 25. Rxe1 {[%emt 0:00:01]} axb6 {[%emt 0:00:01]} 26. Re7 {[%emt 0:00:09]} Kf8 {[%emt 0:00:23]} 27. Rxb7 {[%emt 0:00:03]} Rxd3 {[%emt 0:00:01]} 28. g3 {[%emt 0:00:19]} Rxa3 {[%emt 0:00:39]} 29. Rxb6 {[%emt 0:00:01]} Rb3 {[%emt 0:00:01]} 1/2-1/2

[Event "RUS-ch Rapid Men 2018"]
[Site "Sochi"]
[Date "2018.10.05"]
[Round "4"]
[White "Antipov, Mikhail Al."]
[Black "Ponkratov, Pavel"]
[Result "1-0"]
[WhiteElo "2593"]
[BlackElo "2628"]
[Annotator "TA"]
[PlyCount "57"]
[EventDate "2018.10.05"]
[EventType "swiss"]
[EventCountry "RUS"]
[SourceTitle "playchess.com"]
[Source "ChessBase"]
[SourceQuality "1"]

{[%evp 9,57,24,41,47,41,33,33,0,54,36,45,52,63,23,17,0,0,0,0,0,0,0,20,0,42,50,185,118,362,337,333,305,353,395,29984,29985,29985,29977,29977,29978,5697,5693,29990,29991,29991,29992,29992,29992,29992,29993]} 1. e4 {Shipov,S} e6 2. d4 d5 3. Nd2 b6 4. Ngf3 Nf6 5. exd5 Qxd5 (5... exd5 6. Ne5 Bb7 7. Ndf3 Bd6 8. Bb5+ c6 9. Bd3 Ne4 10. O-O O-O 11. c4 f6 12. cxd5 cxd5 13. Bxe4 dxe4 {0-1 (39) Vavulin,M (2545)-Ponkratov,P (2605) St Petersburg 2018}) 6. Bc4 {C03: French Tarrasch: Unusual Black 3rd moves} Qd8 7. Qe2 Be7 8. Ne5 {White is slightly better.} O-O $146 ({Better is} 8... Qxd4 $11 9. O-O O-O) ({Predecessor:} 8... Qxd4 9. Ndf3 Qe4 10. Be3 O-O 11. O-O-O a5 {1-0 (26) Losev,D (2370)-Totsky,L (2430) Minsk 1996 EXT 2000 [Shipov,S]}) 9. Ndf3 $14 Bb7 10. O-O Nd5 11. Re1 Nd7 12. Bd2 c5 13. dxc5 Nxe5 14. Nxe5 {[#] aiming for c6.} Bxc5 15. Rad1 Qh4 16. g3 Qh3 {Hoping for ...Nc3!} 17. Qf3 {Strongly threatening Bf1.} g6 ({Black should try} 17... Rad8 $14) 18. Nd7 (18. Ng4 $18) 18... Ne3 $2 {[#]} (18... Rfd8 $16 {is a better defense.} 19. Nxc5 bxc5) 19. Nf6+ Kg7 20. Qxb7 Nxd1 21. Rxd1 Kxf6 $2 (21... Bd4 $18 22. Ne4 Qf5) 22. Bc3+ {[%cal Bd2c3,Bc3e5,Be5f4][%mdl 32]} e5 23. Qc6+ Kg7 24. Bxe5+ f6 25. Rd7+ Kh6 26. Bf4+ {White mates.} g5 27. Bd3 {[%csl Gd3][%cal Rd7h7]} Bxf2+ 28. Kxf2 {[%csl Gd3][%cal Rd7h7]} Qxh2+ 29. Kf1 {Precision: White = 72%, Black = 35%.} 1-0

[Event "RUS-ch Rapid Men 2018"]
[Site "Sochi"]
[Date "2018.10.05"]
[Round "4"]
[White "Pridorozhni, Aleksei"]
[Black "Kozlov, Oleg"]
[Result "0-1"]
[WhiteElo "2574"]
[BlackElo "2275"]
[Annotator "TA"]
[PlyCount "112"]
[EventDate "2018.10.05"]
[EventType "swiss"]
[EventCountry "RUS"]
[SourceTitle "playchess.com"]
[Source "ChessBase"]
[SourceQuality "1"]

{[%evp 17,112,32,101,21,57,39,64,58,142,0,18,0,11,-8,0,-3,-2,0,0,-79,-71,-79,-79,-66,-75,-83,-46,-41,-45,-93,-73,-125,-108,-148,-105,-89,-62,-54,-53,-75,-4,0,0,-18,0,-11,0,-14,7,-2,0,-138,-131,-174,-191,-198,-168,-211,-222,-309,-199,-198,-142,-302,-306,-285,-296,-393,-313,-403,-377,-374,-338,-450,-443,-431,-371,-666,-337,-373,0,-622,-605,-3105,-2524,-2747,-2613,-2131,-2012,-1866,-1071,-6187,-6187,-29988,-29989,-29989,-29990]} 1. e4 c5 2. Nc3 a6 3. Nf3 b5 4. d4 cxd4 5. Nxd4 e6 6. Bd3 Qb6 7. Nf3 Qc7 8. O-O Bb7 {B43: Sicilian: Kan Variation: 5 Nc3} 9. Re1 Nf6 {LiveBook: 4 Games} (9... Nc6 $14) (9... Be7 10. Qd2 Nf6 11. Qg5 Kf8 12. Bf4 Qd8 13. e5 Nd5 14. Qg3 Nxf4 15. Qxf4 Bxf3 16. Qxf3 {½-½ (29) Grischuk,A (2772)-Khismatullin,D (2632) Riadh 2017}) 10. Qe2 ({Better is} 10. e5 $16 Nd5 11. Nxd5 Bxd5 12. c3) 10... b4 $146 {The position is equal.} ({Predecessor:} 10... Be7 11. Bg5 b4 12. Nb1 Nc6 13. c4 Ng4 14. Bxe7 Nd4 15. Qd1 Nxf3+ 16. Qxf3 Qxh2+ {½-½ (63) Schroeder,J (2400)-Schmaltz,R (2541) Germany 2014}) 11. Na4 d5 12. exd5 Nxd5 {[#]} ({Black should try} 12... Bxd5 $14 13. c4 Bc6) 13. a3 ({White has to play} 13. Ng5 $1 $16) 13... bxa3 14. b3 Bb4 15. Rd1 $132 {[%mdl 2048] White is not keeping still} O-O 16. Qe4 {[%csl Gd3][%cal Re4h7]} g6 17. Qh4 Nd7 18. Ng5 (18. Bxa3 $11 Bxa3 19. Rxa3) 18... N7f6 $17 19. c4 Nc3 20. Nxc3 Bxc3 21. Bxa3 Rfd8 22. Rac1 Be5 23. Bf1 Kg7 24. Nf3 (24. Kh1 $142) 24... Bxf3 25. gxf3 Bf4 26. Rb1 g5 27. Qh3 a5 28. Bb2 Be5 (28... Rxd1 $17 29. Rxd1 Rb8) 29. Bxe5 $11 Qxe5 30. Qg3 Qc5 {Threatens to win with ...Nh5.} 31. f4 g4 32. Qc3 h5 33. Bg2 Rab8 34. Be4 (34. h4 $11 {keeps the balance.}) 34... e5 $1 $17 35. Bc2 exf4 36. Ra1 Rxd1+ 37. Rxd1 {[#]} Re8 $1 38. Kf1 Qe5 39. Qxe5 Rxe5 $19 {[%mdl 4096] Endgame KRB-KRN} 40. Bd3 $2 (40. Rd4 $17) 40... Nd7 41. Bc2 Nc5 42. Ra1 Ne6 43. Rd1 f3 44. Rd2 Nc5 45. Bd1 Ne4 46. Rd3 Kf6 47. Bc2 $2 (47. h3) 47... Nc5 48. Rd2 Ne4 $2 (48... Ke7 49. Rd1 Ne6) 49. Rd3 $1 {[#]} Nxf2 $1 {[%mdl 512]} 50. Kxf2 {KRB-KR} Re2+ 51. Kg1 Rg2+ 52. Kf1 Rxc2 53. Rd6+ Kg7 54. Rd5 Rxh2 55. Rxa5 Kg6 56. Ra8 Kf5 {Precision: White = 31%, Black = 45%.} 0-1

[Event "RUS-ch Rapid Men 2018"]
[Site "Sochi"]
[Date "2018.10.05"]
[Round "4"]
[White "Bocharov, Ivan"]
[Black "Maletin, Pavel"]
[Result "1-0"]
[WhiteElo "2563"]
[BlackElo "2586"]
[Annotator "ChessBase"]
[PlyCount "81"]
[EventDate "2018.10.05"]
[EventType "swiss"]
[EventCountry "RUS"]
[SourceTitle "playchess.com"]
[Source "ChessBase"]
[SourceQuality "1"]
[TimeControl "900+10"]

1. e4 {[%emt 0:00:00]} e5 {[%emt 0:00:00]} 2. Bc4 {[%emt 0:00:00]} Nf6 {[%emt 0:00:00]} 3. d3 {[%emt 0:00:00]} Nc6 {[%emt 0:00:01]} 4. Nf3 {[%emt 0:00:00]} Bc5 {[%emt 0:00:03]} 5. O-O {[%emt 0:00:00]} d6 {[%emt 0:00:06]} 6. c3 {[%emt 0:00:11]} h6 {[%emt 0:00:05]} 7. Re1 {[%emt 0:00:34]} O-O {[%emt 0:00:04]} 8. a4 {[%emt 0:00:18]} a5 {[%emt 0:00:05]} 9. Nbd2 {[%emt 0:00:13]} Ne7 {[%emt 0:00:39]} 10. Nf1 {[%emt 0:00:05]} Ng6 {[%emt 0:00:12]} 11. Ng3 {[%emt 0:00:02]} c6 {[%emt 0:00:22]} 12. h3 {[%emt 0:00:57]} d5 {[%emt 0:00:29]} 13. Ba2 {[%emt 0:01:49]} Bd6 {[%emt 0:00:05]} 14. d4 {[%emt 0:02:00]} dxe4 {[%emt 0:00:11]} 15. Nxe4 {[%emt 0:00:11]} Nxe4 {[%emt 0:00:07]} 16. Rxe4 {[%emt 0:00:02]} Bf5 {[%emt 0:00:14]} 17. Re1 {[%emt 0:00:03]} e4 {[%emt 0:01:13]} 18. Nd2 {[%emt 0:00:18]} Qh4 {[%emt 0:00:11]} 19. Nf1 {[%emt 0:02:15]} Rae8 {[%emt 0:00:33]} 20. Bb1 {[%emt 0:02:49]} Bf4 {[%emt 0:02:16]} 21. Bxf4 {[%emt 0:01:40]} Nxf4 {[%emt 0:01:13]} 22. Ng3 {[%emt 0:00:08]} Bxh3 {[%emt 0:01:59]} 23. Bxe4 {[%emt 0:00:11]} Bg4 {[%emt 0:00:24]} 24. Qb3 {[%emt 0:01:44]} Re7 {[%emt 0:02:08]} 25. d5 {[%emt 0:00:30]} Rfe8 {[%emt 0:01:08]} 26. dxc6 {[%emt 0:01:58]} bxc6 {[%emt 0:00:21]} 27. Re3 {[%emt 0:00:35]} Qg5 {[%emt 0:04:30]} 28. Rae1 {[%emt 0:00:02]} c5 {[%emt 0:00:45]} 29. Qb5 {[%emt 0:00:41]} Bd7 {[%emt 0:00:09]} 30. Qxa5 {[%emt 0:00:06]} h5 {[%emt 0:00:01]} 31. Bc2 {[%emt 0:00:20]} Rxe3 {[%emt 0:00:11]} 32. Rxe3 {[%emt 0:00:00]} Rxe3 {[%emt 0:00:06]} 33. fxe3 {[%emt 0:00:01]} Ne6 {[%emt 0:00:23]} 34. Qa8+ {[%emt 0:00:16]} Nf8 {[%emt 0:00:04]} 35. Qf3 {[%emt 0:00:01]} h4 {[%emt 0:00:15]} 36. Ne4 {[%emt 0:00:01]} Qe7 {[%emt 0:00:02]} 37. a5 {[%emt 0:00:10]} Bc6 {[%emt 0:00:10]} 38. Qf5 {[%emt 0:00:03]} Nd7 {[%emt 0:00:12]} 39. a6 {[%emt 0:00:08]} g6 {[%emt 0:00:04]} 40. Qf4 {[%emt 0:00:01]} Kg7 {[%emt 0:00:11]} 41. Qd6 {[%emt 0:00:05]} 1-0

[Event "RUS-ch Rapid Men 2018"]
[Site "Sochi"]
[Date "2018.10.05"]
[Round "4"]
[White "Yuffa, Daniil"]
[Black "Oparin, Grigoriy"]
[Result "1/2-1/2"]
[WhiteElo "2563"]
[BlackElo "2624"]
[Annotator "TA"]
[PlyCount "93"]
[EventDate "2018.10.05"]
[EventType "swiss"]
[EventCountry "RUS"]
[SourceTitle "playchess.com"]
[Source "ChessBase"]
[SourceQuality "1"]

{[%evp 17,93,14,14,14,14,13,13,11,11,13,14,0,0,-7,-10,-24,-16,-16,-11,-23,9,6,14,-24,-24,-23,-15,-40,-18,-14,-13,-9,-7,-7,-7,-7,0,0,0,0,0,-7,0,-7,-7,-11,-7,-34,-17,-52,-31,-52,-27,-68,-54,-56,-54,-60,-29,-33,0,-78,-74,-67,0,0,0,0,0,0,0,0,0,0,0,0,0,0]} 1. d4 Nf6 2. c4 e6 3. g3 d5 4. Bg2 dxc4 5. Nf3 a6 6. O-O Nc6 7. Bg5 {E04: Open Catalan: 5 Nf3} (7. e3 Rb8 8. Qe2 b5 9. b3 cxb3 10. axb3 Bd6 11. Rd1 Qe7 12. Bb2 O-O 13. Rc1 Bb7 14. Ne5 Nb4 15. Bxb7 Rxb7 {1-0 (52) So,W (2778)-Mamedyarov,S (2808) Leuven 2018}) 7... Be7 8. e3 O-O 9. Nbd2 e5 {[%cal Re5d4] LiveBook: 8 Games} 10. Nxc4 exd4 $1 11. Nxd4 Nxd4 12. Qxd4 Qxd4 13. exd4 h6 14. Bf4 $146 ({Predecessor:} 14. Bd2 Rd8 {½-½ (29) Stepanov,K (2371)-Seia,J (2334) ICCF email 2010}) 14... Be6 15. Rfe1 c6 16. Na5 Bb4 {[#]} 17. Rxe6 $1 {[%mdl 512]} fxe6 18. Nxb7 Nd5 19. Be5 Rf7 20. Nd6 Bxd6 21. Bxd6 Rd7 22. Be5 a5 23. Rc1 Ra6 24. b3 Kf7 25. Bf1 Rb6 26. Bc4 Nb4 27. Rc3 {Threatening Rf3+.} Nd5 28. Rf3+ Kg8 29. Kg2 Rb4 30. a3 Rbb7 31. Rd3 Rd8 32. Kf3 Rf7+ 33. Ke2 Rdf8 34. f3 g5 35. Bd6 Rd8 36. Be5 h5 37. Kf2 Kf8 38. Rd2 Ke7 39. Bd3 (39. Rc2 $1 $11) 39... Rdf8 $17 40. Be4 Kd7 (40... Nf6 $15 41. Bxc6 Nd5 42. Bxd5 exd5) 41. Rc2 $11 {The position is equal.} h4 42. Rc5 hxg3+ 43. hxg3 Ra8 44. Rc1 Raf8 45. Rc5 Ra8 46. Rc1 Raf8 47. Rc5 {Precision: White = 59%, Black = 65%.} 1/2-1/2

[Event "RUS-ch Rapid Men 2018"]
[Site "Sochi"]
[Date "2018.10.05"]
[Round "4"]
[White "Savchenko, Boris"]
[Black "Sjugirov, Sanan"]
[Result "1-0"]
[WhiteElo "2562"]
[BlackElo "2654"]
[Annotator "TA"]
[PlyCount "73"]
[EventDate "2018.10.05"]
[EventType "swiss"]
[EventCountry "RUS"]
[SourceTitle "playchess.com"]
[Source "ChessBase"]
[SourceQuality "1"]

{[%evp 16,73,-34,-32,0,-28,10,1,18,2,0,7,14,9,10,7,7,0,0,0,8,0,38,28,16,11,8,10,46,14,14,12,14,-16,69,59,74,93,67,68,141,147,348,356,339,337,323,340,337,335,339,331,336,340,325,332,341,337,334,329]} 1. e4 e5 2. f4 d5 3. exd5 exf4 4. Nf3 Nf6 5. Bb5+ c6 6. dxc6 Nxc6 {[%cal Bb8c6,Bc6e7,Be7d5][%mdl 32]} 7. d4 Bd6 8. O-O O-O 9. c3 {LiveBook: 6 Games. C36: King's Gambit Accepted: 3 Nf3 d5} Ne7 (9... Bg4 10. Nbd2 Bc7 11. Bd3 Re8 12. Qc2 Nd5 13. Nb3 g6 14. Bd2 Ne3 15. Bxe3 fxe3 16. h3 Bxf3 17. Rxf3 {½-½ (70) Zvjaginsev,V (2655)-Jakovenko,D (2745) Kazan 2014}) 10. Nbd2 Ned5 {Strongly threatening ...Ne3.} 11. Nc4 {The position is equal.} Bc7 $146 {[#] ...a6 is the strong threat.} ({Predecessor:} 11... a6 12. Nxd6 Qxd6 13. Bc4 b5 14. Bxd5 Nxd5 15. Ne5 f6 16. Nd3 g5 {½-½ (51) Bjornsson,S (2271)-Kjartansson,G (2442) Reykjavik 2017}) 12. Nce5 Ng4 13. Nxg4 Bxg4 14. Re1 Qf6 15. h3 Bh5 16. Qe2 a6 17. Bd3 Rad8 18. Bd2 Bg6 19. Bxg6 Qxg6 20. Qe4 Qxe4 21. Rxe4 Rfe8 22. Rae1 Rxe4 23. Rxe4 b5 24. b3 {[%cal Bb2b3,Bb3c4][%mdl 32]} h6 (24... Ba5 $11) 25. c4 $14 bxc4 26. bxc4 Nf6 27. Re7 Bb6 ({Black should play} 27... Rc8 $14) 28. Kf1 $16 Kf8 $2 (28... g5 $16 {was called for.} 29. c5 Nd5) 29. Rb7 $18 Bxd4 30. Ba5 {White has a decisive advantage.} Rc8 31. Nxd4 {[#] aiming for Nf5.} Rxc4 32. Rb8+ Ke7 33. Bd8+ Kd7 34. Bxf6 gxf6 35. Ne2 Rc2 36. a3 f3 37. gxf3 {Precision: White = 80%, Black = 42%.} 1-0

[Event "RUS-ch Rapid Men 2018"]
[Site "Sochi"]
[Date "2018.10.05"]
[Round "4"]
[White "Bocharov, Dmitry"]
[Black "Smirnov, Timofey"]
[Result "1-0"]
[WhiteElo "2557"]
[BlackElo "2332"]
[Annotator "ChessBase"]
[PlyCount "75"]
[EventDate "2018.10.05"]
[EventType "swiss"]
[EventCountry "RUS"]
[SourceTitle "playchess.com"]
[Source "ChessBase"]
[SourceQuality "1"]
[TimeControl "900+10"]

1. d4 {[%emt 0:00:00]} d5 {[%emt 0:00:00]} 2. c4 {[%emt 0:00:00]} c6 {[%emt 0:00:00]} 3. Nf3 {[%emt 0:00:00]} Nf6 {[%emt 0:00:00]} 4. e3 {[%emt 0:00:26]} Bf5 {[%emt 0:00:00]} 5. Nc3 {[%emt 0:00:03]} e6 {[%emt 0:00:04]} 6. Nh4 {[%emt 0:00:09]} Be4 {[%emt 0:00:04]} 7. f3 {[%emt 0:00:30]} Bg6 {[%emt 0:00:03]} 8. g3 {[%emt 0:00:20]} Be7 {[%emt 0:01:01]} 9. Bd2 {[%emt 0:00:20]} Nbd7 {[%emt 0:01:18]} 10. Rc1 {[%emt 0:00:25]} O-O {[%emt 0:00:17]} 11. cxd5 {[%emt 0:00:59]} exd5 {[%emt 0:00:42]} 12. Be2 {[%emt 0:00:28]} Re8 {[%emt 0:00:17]} 13. O-O {[%emt 0:00:10]} c5 {[%emt 0:00:28]} 14. Be1 {[%emt 0:00:14]} a6 {[%emt 0:00:31]} 15. Bf2 {[%emt 0:00:15]} cxd4 {[%emt 0:00:03]} 16. exd4 {[%emt 0:00:12]} b5 {[%emt 0:00:05]} 17. Nxg6 {[%emt 0:00:37]} hxg6 {[%emt 0:00:04]} 18. a4 {[%emt 0:00:08]} b4 {[%emt 0:00:40]} 19. Nb1 {[%emt 0:00:03]} Qa5 {[%emt 0:01:12]} 20. Nd2 {[%emt 0:00:05]} Rec8 {[%emt 0:00:52]} 21. Ra1 {[%emt 0:00:25]} Qc7 {[%emt 0:00:26]} 22. a5 {[%emt 0:02:52]} Qc2 {[%emt 0:00:21]} 23. Rb1 {[%emt 0:00:15]} Bd8 {[%emt 0:00:23]} 24. Nb3 {[%emt 0:00:09]} Ne8 {[%emt 0:00:21]} 25. Qxc2 {[%emt 0:00:24]} Rxc2 {[%emt 0:00:02]} 26. Bd3 {[%emt 0:00:01]} Rc7 {[%emt 0:01:15]} 27. Rfc1 {[%emt 0:00:19]} Nd6 {[%emt 0:00:09]} 28. Rxc7 {[%emt 0:00:06]} Bxc7 {[%emt 0:00:02]} 29. Rc1 {[%emt 0:00:02]} Bd8 {[%emt 0:00:14]} 30. Be1 {[%emt 0:02:12]} Bg5 {[%emt 0:03:58]} 31. Rc6 {[%emt 0:01:23]} Nf5 {[%emt 0:00:20]} 32. Bf2 {[%emt 0:01:06]} Nb8 {[%emt 0:00:31]} 33. Rc8+ {[%emt 0:00:13]} Kh7 {[%emt 0:00:02]} 34. Bxf5 {[%emt 0:00:54]} gxf5 {[%emt 0:00:02]} 35. Nc5 {[%emt 0:00:01]} Be7 {[%emt 0:00:32]} 36. Re8 {[%emt 0:01:01]} Bd6 {[%emt 0:00:12]} 37. Nb7 {[%emt 0:00:04]} Bc7 {[%emt 0:00:11]} 38. Rc8 {[%emt 0:00:02]} 1-0